[Event "AUT-chT2O 2122"]
[Site "Austria"]
[Date "2022.04.02"]
[Round "10.6"]
[White "Wagner, Gregor"]
[Black "Pribitzer, Stefan"]
[Result "1-0"]
[WhiteElo "2145"]
[BlackElo "2062"]
[PlyCount "79"]
[EventDate "2021.10.16"]
[EventType "team-tourn"]
[EventRounds "11"]
[EventCountry "AUT"]
[SourceTitle "EXT 2023"]
[Source "ChessBase"]
[SourceDate "2022.10.05"]
[SourceVersion "1"]
[SourceVersionDate "2022.10.05"]
[SourceQuality "1"]
[WhiteTeam "Wien Austria"]
[BlackTeam "Mistelbach/Altlichtenwarth"]
[WhiteTeamCountry "AUT"]
[BlackTeamCountry "AUT"]

1. e4 e5 2. Nf3 Nc6 3. Bc4 Bc5 4. c3 Nf6 5. d3 0-0 6. 0-0 d5 7. exd5 Nxd5 8. Re1 Bg4 9. h3 Bh5 10. Nbd2 Nb6 11. Bb3 Qxd3 12. Nxe5 Bxf2+ 13. Kxf2 Qf5+ 14. Nef3 Qc5+ 15. Kf1 Rad8 16. Qe2 Bg6 17. Ne4 Qf5 18. Qf2 Na5 19. Qc5 Nd5 20. Bxd5 b6 21. Qxc7 Qxd5 22. Nf2 Rd7 23. Qe5 Qb7 24. Bf4 f6 25. Qe3 Qc8 26. Kg1 Nc6 27. Rad1 Re8 28. Qc1 Rde7 29. Rxe7 Rxe7 30. Qd2 Bf5 31. Bd6 Re8 32. Nd4 Bd7 33. Nb5 Ne5 34. Bxe5 Bxb5 35. Qd5+ Kh8 36. Qxb5 Rxe5 37. Qd7 Re1+ 38. Kh2 Qb8+ 39. Qd6 Rf1 40. Qxb8# 1-0

[Event "AUT-chT2O 2122"]
[Site "Austria"]
[Date "2022.02.13"]
[Round "5.5"]
[White "Wagner, Gregor"]
[Black "Balint, Peter1111"]
[Result "0-1"]
[WhiteElo "2145"]
[BlackElo "1983"]
[PlyCount "90"]
[EventDate "2021.10.16"]
[EventType "team-tourn"]
[EventRounds "11"]
[EventCountry "AUT"]
[SourceTitle "EXT 2023"]
[Source "ChessBase"]
[SourceDate "2022.10.05"]
[SourceVersion "1"]
[SourceVersionDate "2022.10.05"]
[SourceQuality "1"]
[WhiteTeam "Wien Austria"]
[BlackTeam "Hietzing"]
[WhiteTeamCountry "AUT"]
[BlackTeamCountry "AUT"]

1. e4 c5 2. Nf3 e6 3. d4 cxd4 4. Nxd4 a6 5. Bd3 Nf6 6. 0-0 d6 7. c4 Be7 8. Nc3 0-0 9. f4 Nbd7 10. Qe2 Qc7 11. Kh1 b6 12. Bd2 Bb7 13. Rae1 Rfd8 14. g4 Nc5 15. Bb1 d5 16. cxd5 exd5 17. exd5 Nxd5 18. Nxd5 Bxd5+ 19. Kg1 Bf8 20. Nf5 Bb7 21. h3 Qc6 22. Kh2 Nd3 23. Bxd3 Rxd3 24. Rf2 Rad8 25. Bc3 Qc5 26. Rff1 Qd5 27. Rf2 Qc5 28. Rff1 R3d7 29. Qe5 Qxe5 30. Rxe5 f6 31. Re2 Kf7 32. Rfe1 Bd5 33. b3 Rc8 34. Bd4 Bb4 35. Rf1 Bc6 36. Rc2 g6 37. Nh6+ Kg7 38. Bxb6 Kxh6 39. g5+ Kg7 40. gxf6+ Kf7 41. Rfc1 Rd6 42. Kg3 Bd2 43. Rf1 Re8 44. Bc7 Rd3+ 45. Kh4 Bd7 0-1

[Event "Vienna op-A"]
[Site "Vienna"]
[Date "2016.08.22"]
[Round "8"]
[White "Lomineishvili, Maia"]
[Black "Wagner, Gregor"]
[Result "1-0"]
[WhiteElo "2331"]
[BlackElo "2170"]
[PlyCount "115"]
[EventDate "2016.08.16"]
[EventType "swiss"]
[EventRounds "9"]
[EventCountry "AUT"]
[SourceTitle "CBM 173 Extra"]
[Source "ChessBase"]
[SourceDate "2016.08.29"]
[SourceVersion "1"]
[SourceVersionDate "2016.08.29"]
[SourceQuality "1"]

1. d4 d5 2. c4 c6 3. Nc3 Nf6 4. e3 e6 5. Nf3 Nbd7 6. Qc2 Bd6 7. Bd3 0-0 8. 0-0 dxc4 9. Bxc4 b5 10. Be2 Bb7 11. e4 e5 12. dxe5 Nxe5 13. Nd4 Neg4 14. g3 Bc5 15. Nf5 Qb6 16. Bxg4 Nxg4 17. b4 Bxb4 18. Qb2 Bxc3 19. Qxc3 f6 20. Ba3 Rfd8 21. Qb3+ Kh8 22. Qf7 Rg8 23. Nd6 Bc8 24. Bc5 Qd8 25. Rad1 Nh6 26. Be3 Qf8 27. Qc7 Be6 28. Bxh6 gxh6 29. Qxc6 Bxa2 30. Qxb5 Be6 31. f4 Qe7 32. f5 Ba2 33. Rf2 Rab8 34. Qc5 Bb3 35. Ra1 Rb6 36. Rd2 Kg7 37. e5 fxe5 38. f6+ Kxf6 39. Ne4+ Ke6 40. Qxe7+ Kxe7 41. Rxa7+ Ke6 42. Nc5+ Kf5 43. Rb2 Rgb8 44. Nd7 R8b7 45. Rxb7 Rxb7 46. Nc5 Rb5 47. Nxb3 Kg4 48. Kg2 h5 49. h3+ Kg5 50. Kf3 h4 51. g4 h5 52. gxh5 Kxh5 53. Rb1 Rb4 54. Nd2 Rd4 55. Ke3 Ra4 56. Rb5 Kg6 57. Nf3 Kf6 58. Nxe5 1-0